NLSUI OPAC header image

Gandhi before India / (Record no. 112487)

MARC details
000 -LEADER
fixed length control field 02030cam a2200373 i 4500
001 - CONTROL NUMBER
control field 17831301
003 - CONTROL NUMBER IDENTIFIER
control field OSt
005 - DATE AND TIME OF LATEST TRANSACTION
control field 20220423153035.0
008 - FIXED-LENGTH DATA ELEMENTS--GENERAL INFORMATION
fixed length control field 130730s2014 nyub 001 0beng
010 ## - LIBRARY OF CONGRESS CONTROL NUMBER
LC control number 2013025014
020 ## - INTERNATIONAL STANDARD BOOK NUMBER
International Standard Book Number 9780385532297
022 ## - INTERNATIONAL STANDARD SERIAL NUMBER
Source 9780143423416
040 ## - CATALOGING SOURCE
Original cataloging agency DLC
Language of cataloging eng
Transcribing agency DLC
Description conventions rda
Modifying agency DLC
042 ## - AUTHENTICATION CODE
Authentication code pcc
043 ## - GEOGRAPHIC AREA CODE
Geographic area code a-ii---
-- f-sa---
050 00 - LIBRARY OF CONGRESS CALL NUMBER
Classification number DS481.G3
Item number G824 2014
082 00 - DEWEY DECIMAL CLASSIFICATION NUMBER
Classification number 954.0305 GUH
-- B
Edition number 23
100 1# - MAIN ENTRY--PERSONAL NAME
Personal name Guha, Ramachandra.
245 10 - TITLE STATEMENT
Title Gandhi before India /
Statement of responsibility, etc. Ramachandra Guha.
264 #1 - PRODUCTION, PUBLICATION, DISTRIBUTION, MANUFACTURE, AND COPYRIGHT NOTICE
Place of production, publication, distribution, manufacture New Delhi
Name of producer, publisher, distributor, manufacturer Penguin Books
Date of production, publication, distribution, manufacture, or copyright notice 2014.
300 ## - PHYSICAL DESCRIPTION
Extent x, 672 pages :
Other physical details maps ;
Dimensions 25 cm
336 ## - CONTENT TYPE
Content type term text
Source rdacontent
337 ## - MEDIA TYPE
Media type term unmediated
Source rdamedia
338 ## - CARRIER TYPE
Carrier type term volume
Source rdacarrier
500 ## - GENERAL NOTE
General note Includes index.
505 ## - FORMATTED CONTENTS NOTE
Formatted contents note Contents<br/>List of Illustrations;<br/>Illustration Credits;<br/>Maps;<br/>Epigraph;<br/>Prologue: Gandhi from All Angles;<br/>1. Middle Caste, Middle Rank;<br/>2. Among the Vegetarians;<br/>3. From Coast to Coast;<br/>4. A Barrister in Durban;<br/>5. Travelling Activist;<br/>6. Lawyer-Loyalist;<br/>7. White Against Brown;<br/>8. Pluralist and Puritan;<br/>9. Trouble in the Transvaal;<br/>10. A Lobbyist in London;<br/>11. From Conciliation to Confrontation;<br/>12. To Jail;<br/>13. A Tolstoyan in Johannesburg;<br/>14. Prisoner of Conscience;<br/>15. Big Little Chief;<br/>16. The Contest of Civilizations;<br/>17. Seeking a Settlement;<br/>18. A Son Departs, a Mentor Arrives;<br/>19. A Physician at Phoenix;<br/>20. Breaking Boundaries;<br/>21. Farewell to Africa;<br/>22. How the Mahatma Was Made;<br/>Acknowledgements;<br/>A Note on Sources;<br/>Notes;<br/>Index;<br/>A Note About the Author;<br/>Illustrations;<br/>Other Books by This Author
600 00 - SUBJECT ADDED ENTRY--PERSONAL NAME
Personal name Gandhi,
Titles and other words associated with a name Mahatma,
Dates associated with a name 1869-1948.
650 #0 - SUBJECT ADDED ENTRY--TOPICAL TERM
Topical term or geographic name entry element East Indians
Geographic subdivision South Africa
General subdivision Politics and government.
650 #0 - SUBJECT ADDED ENTRY--TOPICAL TERM
Topical term or geographic name entry element Statesmen
Geographic subdivision India
Form subdivision Biography.
651 #0 - SUBJECT ADDED ENTRY--GEOGRAPHIC NAME
Geographic name South Africa
General subdivision Politics and government
Chronological subdivision 1836-1909.
906 ## - LOCAL DATA ELEMENT F, LDF (RLIN)
a 7
b cbc
c orignew
d 1
e ecip
f 20
g y-gencatlg
942 ## - ADDED ENTRY ELEMENTS (KOHA)
Source of classification or shelving scheme Dewey Decimal Classification
Koha item type BOOKs
Holdings
Withdrawn status Lost status Source of classification or shelving scheme Materials specified (bound volume or other part) Damaged status Not for loan Home library Current library Shelving location Date acquired Source of acquisition Cost, normal purchase price Total Checkouts Full call number Barcode Date last seen Price effective from Koha item type
    Dewey Decimal Classification HB     NLS NLS   16/01/2019 Purchased 599.00   954.0305 GUH 36920 16/01/2019 16/01/2019 BOOKs